00497nam a2200181 4500003001100000005001700011008004100028040003900069041000800108082001300116100001700129245002600146250003000172260003800202650002000240700002800260700002700288LK-CoMWRAF20230906223623.0230906b1978 |||||||| |||| 00| 0 eng d aLK-CoMWRAFdLK-CoMWRAFeLK-CoMWRAF aeng a823bJAM aJames, Henry aThe Wings of the dove aA Norton critical edition bw. w. norton & company Ltd,c1978 aEnglish Fiction aCrowley, J. Donaldeed. aHocks, Richard A.eed.